Applied multivariate techniques
| Main Author: | Sharma, Subhash |
|---|---|
| Published: |
New York:
John Wiley & Sons,
1996.
|
| Subjects: |
| LEADER | 00568cam a2200169 7i4500 | ||
|---|---|---|---|
| 001 | 0000053124 | ||
| 005 | 20191112090000.0 | ||
| 020 | |a 0471310646 (hbk.) | ||
| 020 | |a 9780471310648 (hbk.) | ||
| 090 | 0 | 0 | |a QA278 |b .S53 1996 |
| 100 | 1 | |a Sharma, Subhash | |
| 245 | 1 | 0 | |a Applied multivariate techniques |c Subhash Sharma. |
| 260 | |a New York: |b John Wiley & Sons, |c 1996. | ||
| 300 | |a xviii, 493 p. | ||
| 650 | 0 | 0 | |a Multivariate analysis |
| 997 | |a Engineering & Life Sciences, Faculty |b Science & Biotechnology, Department | ||
| 999 | |a 0000067761 |b BOK |c OPEN SHELF |e 2nd Floor, Bestari Jaya | ||


